| Tag |
First Indicator |
Second Indicator |
Subfields |
| LEADER |
00000cam a2200000 a 4500 |
| 001 |
in00000072084 |
| 005 |
20151008062535.0 |
| 008 |
750320s1952 nyua b 00110 engm |
| 010 |
|
|
|a 52012438
|
| 035 |
|
|
|a (OCoLC)01226640
|
| 035 |
|
|
|9 AAK0443AM
|
| 040 |
|
|
|a DLC
|c ITD
|d m.c.
|d SER
|d TXA
|d UtOrBLW
|
| 049 |
|
|
|a TXAM
|c 1 [1481840], 2 [A11066472]
|
| 050 |
0 |
0 |
|a QC786
|b .G58
|
| 082 |
0 |
|
|a 541.2
|a 539.76*
|
| 090 |
|
|
|a QC786
|b .G58 1966a
|
| 100 |
1 |
|
|a Glasstone, Samuel,
|d 1897-1986.
|
| 245 |
1 |
4 |
|a The elements of nuclear reactor theory /
|c by Samuel Glasstone and Milton C. Edlund.
|
| 264 |
|
1 |
|a Princeton, N.J. :
|b Van Nostrand,
|c [1952]
|
| 264 |
|
4 |
|c ©1952
|
| 300 |
|
|
|a vii, 416 pages :
|b illustrations ;
|c 24 cm.
|
| 336 |
|
|
|a text
|b txt
|2 rdacontent
|
| 337 |
|
|
|a unmediated
|b n
|2 rdamedia
|
| 338 |
|
|
|a volume
|b nc
|2 rdacarrier
|
| 500 |
|
|
|a "A revision of the preliminary draft, issued in 1950."
|
| 500 |
|
|
|a Xerox copy of the original.
|
| 504 |
|
|
|a Includes bibliographical references and index.
|
| 650 |
|
0 |
|a Nuclear reactors.
|
| 700 |
1 |
|
|a Edlund, Milton C.
|
| 999 |
|
|
|a MARS
|
| 999 |
f |
f |
|s d1288d7f-d3de-344c-ad8a-f00dbac250e9
|i ce7af12e-0036-3f07-870c-2b49d62f800b
|t 0
|
| 952 |
f |
f |
|p ric
|a Texas A&M University
|b Rellis Campus
|c Joint Library Facility
|s JLF
|d Remote Storage
|t 0
|e QC786 .G58 1966a
|h Library of Congress classification
|i unmediated -- volume
|m A14811066472
|
| 952 |
f |
f |
|p normal
|a Texas A&M University
|b Galveston Campus
|c Jack K. Williams Library
|s galv stk
|d Galveston Stacks
|t 0
|e QC786 .G58 1952
|h Library of Congress classification
|i unmediated -- volume
|m 33620000616694
|
| 952 |
f |
f |
|p normal
|a Texas A&M University
|b College Station
|c Sterling C. Evans Library
|s Evans stk
|d Evans: Library Stacks
|t 0
|e QC786 .G58 1966a
|h Library of Congress classification
|i unmediated -- volume
|m A14823675782
|
| 998 |
f |
f |
|a QC786 .G58 1952
|t 0
|l Galveston Stacks
|
| 998 |
f |
f |
|a QC786 .G58 1966a
|t 0
|l Evans: Library Stacks
|
| 998 |
f |
f |
|a QC786 .G58 1966a
|t 0
|l Remote Storage
|